[Event "HUN-chT2 Toth 1819"]
[Site "Hungary"]
[Date "2019.03.31"]
[Round "10.7"]
[White "Hideg, Ferenc Bendeguz"]
[Black "Pasztor, Attila"]
[Result "0-1"]
[WhiteElo "1755"]
[BlackElo "2055"]
[PlyCount "72"]
[EventDate "2018.09.23"]
[EventType "team-tourn"]
[EventRounds "11"]
[EventCountry "HUN"]
[SourceTitle "EXT 2021"]
[Source "ChessBase"]
[SourceDate "2020.10.23"]
[SourceVersion "1"]
[SourceVersionDate "2020.10.23"]
[SourceQuality "1"]
[WhiteTeam "Felegyhaza Csongrad"]
[BlackTeam "Ujszasz"]
[WhiteTeamCountry "HUN"]
[BlackTeamCountry "HUN"]

1. d4 Nf6 2. c4 g6 3. Nc3 Bg7 4. Nf3 0-0 5. g3 c5 6. d5 d6 7. Bg2 a6 8. a4 Re8 9. 0-0 Nbd7 10. Qc2 e6 11. e4 exd5 12. cxd5 Rb8 13. Bf4 Qc7 14. Rfe1 Nh5 15. Be3 b5 16. axb5 axb5 17. Bf1 b4 18. Nb5 Qb6 19. Na7 Bb7 20. Bb5 Red8 21. Nd2 Ne5 22. f4 Ng4 23. Nc4 Nxe3 24. Rxe3 Qc7 25. Kg2 Ra8 26. Ree1 Bxd5 27. exd5 Rxa7 28. Rxa7 Qxa7 29. Re8+ Rxe8 30. Bxe8 Qe7 31. Bc6 Bd4 32. b3 Nf6 33. Kf3 Qe1 34. Kg2 Ng4 35. Qd3 Qf2+ 36. Kh3 Qxh2+ 0-1

[Event "HUN-chT2 Toth 1819"]
[Site "Hungary"]
[Date "2019.02.10"]
[Round "7.7"]
[White "Farkas, Lorinc"]
[Black "Pasztor, Attila"]
[Result "0-1"]
[WhiteElo "1732"]
[BlackElo "2055"]
[PlyCount "72"]
[EventDate "2018.09.23"]
[EventType "team-tourn"]
[EventRounds "11"]
[EventCountry "HUN"]
[SourceTitle "EXT 2021"]
[Source "ChessBase"]
[SourceDate "2020.10.23"]
[SourceVersion "1"]
[SourceVersionDate "2020.10.23"]
[SourceQuality "1"]
[WhiteTeam "Gyula"]
[BlackTeam "Ujszasz"]
[WhiteTeamCountry "HUN"]
[BlackTeamCountry "HUN"]

1. Nf3 Nf6 2. g3 d5 3. Bg2 Nbd7 4. d4 e6 5. 0-0 c5 6. c3 Bd6 7. Nbd2 cxd4 8. cxd4 0-0 9. Re1 b6 10. a3 Bb7 11. e3 Rc8 12. Bf1 Ne4 13. Bd3 f5 14. Nf1 g5 15. Re2 h5 16. Rc2 Rxc2 17. Bxc2 Rf7 18. Ne1 h4 19. f3 Nef6 20. e4 dxe4 21. Bxg5 hxg3 22. hxg3 Qc7 23. Bb3 Bd5 24. Rc1 Qb8 25. Bxd5 exd5 26. Qc2 Bxg3 27. Qc8+ Rf8 28. Qc6 Kf7 29. f4 Bxf4 30. Bxf4 Qxf4 31. Ng2 Rg8 32. Qc7 Qf3 33. Qc2 e3 34. Nh2 Qh3 35. Rf1 Ne4 36. Qe2 Ndf6 0-1

[Event "HUN-chT2 Toth 1819"]
[Site "Hungary"]
[Date "2018.09.23"]
[Round "1.3"]
[White "Csipai, Levente"]
[Black "Pasztor, Attila"]
[Result "1-0"]
[WhiteElo "1897"]
[BlackElo "2055"]
[PlyCount "163"]
[EventDate "2018.09.23"]
[EventType "team-tourn"]
[EventRounds "11"]
[EventCountry "HUN"]
[SourceTitle "EXT 2021"]
[Source "ChessBase"]
[SourceDate "2020.10.23"]
[SourceVersion "1"]
[SourceVersionDate "2020.10.23"]
[SourceQuality "1"]
[WhiteTeam "Szentes Integral"]
[BlackTeam "Ujszasz"]
[WhiteTeamCountry "HUN"]
[BlackTeamCountry "HUN"]

1. d4 Nf6 2. c4 g6 3. Nc3 d5 4. Nf3 Bg7 5. Bg5 Ne4 6. Bf4 c6 7. e3 Qa5 8. Qb3 0-0 9. Be2 dxc4 10. Bxc4 b5 11. Bd3 Be6 12. Qc2 Nxc3 13. Qxc3 Qxc3+ 14. bxc3 h6 15. a4 Rc8 16. Kd2 Nd7 17. axb5 Nb6 18. bxc6 Rxc6 19. Ba6 Nc4+ 20. Ke2 Rb6 21. Rhb1 Nd6 22. Bxd6 exd6 23. Nd2 Rab8 24. Bd3 Rxb1 25. Bxb1 Rb7 26. c4 Rc7 27. Ra4 Kf8 28. Bd3 Ke7 29. Ne4 Bf5 30. Nc3 Bd7 31. Ra6 Bc6 32. Be4 Bxe4 33. Nxe4 Rxc4 34. Rxa7+ Ke6 35. Kf3 Rc6 36. Ng3 Bf6 37. Ne2 Bg5 38. g3 h5 39. d5+ Kxd5 40. Rxf7 Ke5 41. Nd4 Ra6 42. h4 Bd8 43. Rf8 Be7 44. Rf7 Bd8 45. Rb7 d5 46. Rd7 Ba5 47. Ke2 Bb4 48. f4+ Kf6 49. Rxd5 Ra2+ 50. Kf3 Be1 51. Rd6+ Kf7 52. Ne2 Ra1 53. Rd3 Ra2 54. e4 Rb2 55. Rd7+ Ke6 56. Rd3 Ke7 57. e5 Rb6 58. Nc3 Rb2 59. Ne4 Rb4 60. Re3 Rb1 61. Rd3 Ra1 62. Nc3 Rc1 63. Nd5+ Ke6 64. Ne3 Rc6 65. Ng2 Bb4 66. Ne3 Be1 67. Rd1 Ba5 68. Ke4 Bb4 69. Rb1 Ba5 70. Rb7 Bc7 71. Rb3 Rc1 72. Rd3 Rc6 73. g4 hxg4 74. Nxg4 Rc4+ 75. Kf3 Rc1 76. Ne3 Rh1 77. Rc3 Bd8 78. Rc6+ Kf7 79. Nd5 Rxh4 80. e6+ Ke8 81. Rc8 Rh7 82. Nf6+ 1-0

[Event "HUN-chT2 Toth 1718"]
[Site "Hungary"]
[Date "2017.12.03"]
[Round "5.10"]
[White "Pasztor, Attila"]
[Black "Nagy, Gabor2222"]
[Result "1/2-1/2"]
[WhiteElo "1978"]
[BlackElo "1818"]
[PlyCount "48"]
[EventDate "2017.09.24"]
[EventType "team-tourn"]
[EventRounds "11"]
[EventCountry "HUN"]
[SourceTitle "EXT 2021"]
[Source "ChessBase"]
[SourceDate "2020.10.23"]
[SourceVersion "1"]
[SourceVersionDate "2020.10.23"]
[SourceQuality "1"]
[WhiteTeam "Ujszasz"]
[BlackTeam "Bekes"]
[WhiteTeamCountry "HUN"]
[BlackTeamCountry "HUN"]

1. d4 Nf6 2. c4 g6 3. Nc3 Bg7 4. e4 d6 5. Bd3 e5 6. d5 Nbd7 7. Nge2 Nc5 8. 0-0 Nxd3 9. Qxd3 0-0 10. Bg5 h6 11. Bxf6 Bxf6 12. b4 b6 13. c5 Be7 14. cxd6 cxd6 15. Rac1 f5 16. f3 f4 17. Rc2 Bd7 18. Rfc1 Qe8 19. a3 b5 20. Nd1 Bd8 21. g3 g5 22. Nf2 Bb6 23. Kg2 Qh5 24. Ng1 Be3 1/2-1/2

[Event "HUN-chT2 Toth 1617"]
[Site "Hungary"]
[Date "2016.11.27"]
[Round "5.10"]
[White "Szekeres, Janos"]
[Black "Pasztor, Attila"]
[Result "0-1"]
[WhiteElo "1745"]
[BlackElo "1938"]
[PlyCount "58"]
[EventDate "2016.09.25"]
[EventType "team-tourn"]
[EventRounds "11"]
[EventCountry "HUN"]
[SourceTitle "EXT 2021"]
[Source "ChessBase"]
[SourceDate "2020.10.23"]
[SourceVersion "1"]
[SourceVersionDate "2020.10.23"]
[SourceQuality "1"]
[WhiteTeam "Kecskemet Toth Laszlo II"]
[BlackTeam "Ujszasz"]
[WhiteTeamCountry "HUN"]
[BlackTeamCountry "HUN"]

1. e4 c6 2. d4 d5 3. e5 Bf5 4. Nc3 e6 5. g4 Bg6 6. Nge2 Nd7 7. h4 h6 8. Nf4 Ne7 9. Be3 a6 10. b4 Qc7 11. a4 Bh7 12. Qd2 Ng6 13. Nxg6 Bxg6 14. Ne2 a5 15. Bg2 Bxb4 16. c3 Be7 17. Nf4 Bh7 18. g5 Bf5 19. gxh6 Rxh6 20. Nxd5 cxd5 21. Bxh6 gxh6 22. 0-0 h5 23. Rfc1 Bxh4 24. Qf4 Be7 25. Bxd5 0-0-0 26. Be4 Rg8+ 27. Kf1 Qc4+ 28. Ke1 Rg1+ 29. Kd2 Bg5 0-1

[Event "HUN-chT2 Toth 1617"]
[Site "Hungary"]
[Date "2016.11.13"]
[Round "4.10"]
[White "Pasztor, Attila"]
[Black "Fridrik, Richard"]
[Result "1/2-1/2"]
[WhiteElo "1938"]
[BlackElo "1768"]
[PlyCount "98"]
[EventDate "2016.09.25"]
[EventType "team-tourn"]
[EventRounds "11"]
[EventCountry "HUN"]
[SourceTitle "EXT 2021"]
[Source "ChessBase"]
[SourceDate "2020.10.23"]
[SourceVersion "1"]
[SourceVersionDate "2020.10.23"]
[SourceQuality "1"]
[WhiteTeam "Ujszasz"]
[BlackTeam "Szeged Meritum"]
[WhiteTeamCountry "HUN"]
[BlackTeamCountry "HUN"]

1. e4 e5 2. f4 exf4 3. Nf3 g5 4. Bc4 d6 5. Nc3 Be6 6. Bxe6 fxe6 7. Nd4 Qf6 8. Qh5+ Kd7 9. Nce2 Qg6 10. Qf3 c5 11. Qb3 b6 12. Qa4+ Kc7 13. Nb5+ Kb7 14. d3 a6 15. Nbc3 Nf6 16. h4 e5 17. hxg5 Qxg5 18. g3 Nh5 19. gxf4 Nxf4 20. Bxf4 exf4 21. Qb3 Nd7 22. Qf7 Rd8 23. Nxf4 Bh6 24. Nce2 Rhf8 25. Qxh7 Rxf4 26. Qxh6 Qxh6 27. Rxh6 Rf6 28. Rxf6 Nxf6 29. Kd2 Rf8 30. Rg1 Rf7 31. Ke3 Nd7 32. Rg6 Kc7 33. c3 Ne5 34. Rg3 b5 35. b3 Nc6 36. Nf4 a5 37. d4 cxd4+ 38. cxd4 Kb7 39. a3 Nxd4 40. Kxd4 Rxf4 41. Kd5 Kc7 42. Rg7+ Kb6 43. Rg6 Kc7 44. Rg7+ Kb6 45. Rd7 Rf3 46. Rxd6+ Kc7 47. Rc6+ Kb7 48. Rc5 Rd3+ 49. Ke6 Rxb3 1/2-1/2

[Event "HUN-chT2 Toth 1617"]
[Site "Hungary"]
[Date "2016.10.30"]
[Round "3.10"]
[White "Pluhar, Andras"]
[Black "Pasztor, Attila"]
[Result "0-1"]
[WhiteElo "1793"]
[BlackElo "1938"]
[PlyCount "64"]
[EventDate "2016.09.25"]
[EventType "team-tourn"]
[EventRounds "11"]
[EventCountry "HUN"]
[SourceTitle "EXT 2021"]
[Source "ChessBase"]
[SourceDate "2020.10.23"]
[SourceVersion "1"]
[SourceVersionDate "2020.10.23"]
[SourceQuality "1"]
[WhiteTeam "Szeged Maroczy II"]
[BlackTeam "Ujszasz"]
[WhiteTeamCountry "HUN"]
[BlackTeamCountry "HUN"]

1. e4 g6 2. d4 Bg7 3. c4 d6 4. Nc3 Nc6 5. Be3 f5 6. Nf3 e5 7. dxe5 Nxe5 8. Nd4 Ne7 9. Be2 0-0 10. f3 N7c6 11. exf5 Nxd4 12. Bxd4 Bxf5 13. 0-0 Qh4 14. Bf2 Qg5 15. Qd5+ Kh8 16. Ne4 Qe7 17. Rfe1 Rad8 18. Rac1 c6 19. Qd2 Bxe4 20. fxe4 Rxf2 21. Kxf2 Qh4+ 22. Kg1 Bh6 23. Qc3 Bxc1 24. Rxc1 Qxe4 25. Re1 Kg8 26. c5 dxc5 27. Bd1 Qd4+ 28. Qxd4 Rxd4 29. Bb3+ c4 30. Rxe5 cxb3 31. Ra5 bxa2 32. Rxa2 Rd2 0-1

[Event "HUN-chT2 Toth 1516"]
[Site "Hungary"]
[Date "2016.04.17"]
[Round "11.10"]
[White "Pasztor, Attila"]
[Black "Hideg, Ferenc Bendeguz"]
[Result "1-0"]
[WhiteElo "1847"]
[BlackElo "1474"]
[PlyCount "47"]
[EventDate "2015.09.13"]
[EventType "team-tourn"]
[EventRounds "11"]
[EventCountry "HUN"]
[SourceTitle "EXT 2017"]
[Source "ChessBase"]
[SourceDate "2016.10.25"]
[SourceVersion "1"]
[SourceVersionDate "2016.10.25"]
[SourceQuality "1"]
[WhiteTeam "Ujszasz"]
[BlackTeam "Felegyhaza Csongrad"]
[WhiteTeamCountry "HUN"]
[BlackTeamCountry "HUN"]

1. e4 d6 2. f4 Nf6 3. Nc3 c6 4. d4 Qa5 5. Bd3 e5 6. dxe5 dxe5 7. fxe5 Ng4 8. Nf3 Nxe5 9. Nxe5 Qxe5 10. 0-0 Bc5+ 11. Kh1 0-0 12. Bf4 Qe7 13. Qf3 Be6 14. Qg3 Kh8 15. Na4 Nd7 16. Nxc5 Nxc5 17. Bd6 Qd7 18. Bxc5 Rg8 19. e5 Qd5 20. Bd6 h6 21. Rf4 Rae8 22. Rh4 g6 23. Rxh6+ Kg7 24. Rxg6+ 1-0

[Event "Budapest Spring op"]
[Site "Budapest"]
[Date "2016.03.24"]
[Round "6"]
[White "Pasztor, Attila"]
[Black "Moradi, Kimia"]
[Result "1-0"]
[WhiteElo "1862"]
[BlackElo "1987"]
[PlyCount "117"]
[EventDate "2016.03.18"]
[EventType "swiss"]
[EventRounds "9"]
[EventCountry "HUN"]
[SourceTitle "CBM 171 Extra"]
[Source "ChessBase"]
[SourceDate "2016.04.26"]
[SourceVersion "1"]
[SourceVersionDate "2016.04.26"]
[SourceQuality "1"]

1. d4 d5 2. c4 e6 3. Nc3 Nf6 4. Bg5 Be7 5. Nf3 0-0 6. e3 Nbd7 7. Qc2 c6 8. Bd3 h6 9. Bf4 b6 10. 0-0 Bb7 11. cxd5 exd5 12. e4 dxe4 13. Nxe4 Nd5 14. Qc1 Nxf4 15. Qxf4 Nf6 16. Rad1 Nd5 17. Qf5 Bc8 18. Qe5 f6 19. Qg3 f5 20. Nc3 g5 21. Ne5 g4 22. Nxc6 f4 23. Nxd8 fxg3 24. Nc6 gxh2+ 25. Kxh2 Bd6+ 26. Kg1 Nf4 27. Bc4+ Kg7 28. Nb5 Bb7 29. Nxd6 Bxc6 30. d5 Bd7 31. Rfe1 Rad8 32. Nb7 Rb8 33. Nd6 Rbd8 34. Re7+ Kf6 35. Rde1 Bc8 36. Ne8+ Kg6 37. d6 Bd7 38. Nc7 Bc8 39. Rd1 Bb7 40. Ne6 Nxe6 41. Bxe6 Bc8 42. Bxc8 Rxc8 43. Rc7 Rcd8 44. Rxa7 Rf6 45. d7 Rc6 46. Rb7 Kf7 47. Kf1 Ke7 48. Rd2 h5 49. g3 Kf6 50. b4 Kf7 51. a4 Ke7 52. a5 bxa5 53. bxa5 Ra6 54. Rb5 Rxd7 55. Rxd7+ Kxd7 56. Rxh5 Rg6 57. Ke2 Re6+ 58. Kd3 Rd6+ 59. Ke4 1-0

[Event "Budapest Spring op"]
[Site "Budapest"]
[Date "2016.03.21"]
[Round "3"]
[White "Polyik, Peter"]
[Black "Pasztor, Attila"]
[Result "1/2-1/2"]
[WhiteElo "2267"]
[BlackElo "1862"]
[PlyCount "69"]
[EventDate "2016.03.18"]
[EventType "swiss"]
[EventRounds "9"]
[EventCountry "HUN"]
[SourceTitle "CBM 171 Extra"]
[Source "ChessBase"]
[SourceDate "2016.04.26"]
[SourceVersion "1"]
[SourceVersionDate "2016.04.26"]
[SourceQuality "1"]

1. d4 d5 2. c4 c6 3. Nf3 Nf6 4. Nc3 e6 5. Bg5 Be7 6. e3 0-0 7. Qc2 Qc7 8. cxd5 cxd5 9. Bd3 Nc6 10. Bxf6 Nb4 11. Bxh7+ Kh8 12. Qe2 Bxf6 13. Bb1 b6 14. Nd2 Kg8 15. Qh5 g6 16. Qf3 Qe7 17. a3 Nc6 18. h4 Kg7 19. Bd3 Rh8 20. h5 Bd7 21. Nf1 Rac8 22. Ng3 Na5 23. Qg4 Nc4 24. Qe2 a5 25. Rc1 Bh4 26. Nf1 Bf6 27. Rh3 gxh5 28. Bxc4 Rxc4 29. Rxh5 Rxh5 30. Qxh5 b5 31. Na2 Rxc1+ 32. Nxc1 b4 33. a4 Bxa4 34. Qg4+ Kf8 35. Qf4 1/2-1/2

[Event "Budapest Spring op"]
[Site "Budapest"]
[Date "2016.03.19"]
[Round "2"]
[White "Pasztor, Attila"]
[Black "Liptak, Istvan"]
[Result "1-0"]
[WhiteElo "1862"]
[BlackElo "1590"]
[PlyCount "65"]
[EventDate "2016.03.18"]
[EventType "swiss"]
[EventRounds "9"]
[EventCountry "HUN"]
[SourceTitle "CBM 171 Extra"]
[Source "ChessBase"]
[SourceDate "2016.04.26"]
[SourceVersion "1"]
[SourceVersionDate "2016.04.26"]
[SourceQuality "1"]

1. d4 d5 2. c4 Nf6 3. Nc3 e6 4. Bg5 Be7 5. Nf3 h6 6. Bf4 0-0 7. e3 Nh5 8. Bg3 Nxg3 9. hxg3 Bf6 10. Be2 c6 11. 0-0 Nd7 12. b4 Qc7 13. Rc1 Qb6 14. Qb3 a5 15. b5 a4 16. Nxa4 Qa5 17. Nc3 dxc4 18. Bxc4 c5 19. Rfd1 cxd4 20. Nxd4 Nb6 21. Ne4 Be7 22. Bxe6 Bxe6 23. Nxe6 fxe6 24. Qxe6+ Rf7 25. Rc7 Nd5 26. Rxb7 Nc7 27. Qc4 Rc8 28. Rd7 Qb4 29. Qxb4 Bxb4 30. Rxf7 Kxf7 31. b6 Ke8 32. bxc7 Kd7 33. Rxb4 1-0

[Event "HUN-chT2 Toth 1516"]
[Site "Hungary"]
[Date "2016.02.14"]
[Round "7.8"]
[White "Kopias, Ferenc"]
[Black "Pasztor, Attila"]
[Result "1/2-1/2"]
[WhiteElo "1796"]
[BlackElo "1847"]
[PlyCount "66"]
[EventDate "2015.09.13"]
[EventType "team-tourn"]
[EventRounds "11"]
[EventCountry "HUN"]
[SourceTitle "EXT 2017"]
[Source "ChessBase"]
[SourceDate "2016.10.25"]
[SourceVersion "1"]
[SourceVersionDate "2016.10.25"]
[SourceQuality "1"]
[WhiteTeam "Mako SVSE II"]
[BlackTeam "Ujszasz"]
[WhiteTeamCountry "HUN"]
[BlackTeamCountry "HUN"]

1. Nf3 c6 2. b3 d5 3. Bb2 Nf6 4. g3 g6 5. Bg2 Bg7 6. 0-0 Bd7 7. d3 Qc8 8. Re1 Bh3 9. Bh1 Na6 10. Nbd2 h5 11. e4 Nc7 12. exd5 Ncxd5 13. Ne4 0-0 14. Nxf6+ exf6 15. Qd2 Qd7 16. c4 Nc7 17. d4 Rfe8 18. Rxe8+ Rxe8 19. Re1 f5 20. Rxe8+ Qxe8 21. Ng5 Bh6 22. f4 Bxg5 23. fxg5 Ne6 24. Kf2 Qd8 25. d5 cxd5 26. Bxd5 Qb6+ 27. Qe3 Qxe3+ 28. Kxe3 b6 29. Bf6 Kf8 30. b4 Bf1 31. a4 Nc7 32. Kd4 Nxd5 33. Kxd5 Ke8 1/2-1/2

[Event "HUN-chT2 Toth 1516"]
[Site "Hungary"]
[Date "2015.12.06"]
[Round "6.10"]
[White "Pasztor, Attila"]
[Black "Bodo, Tibor"]
[Result "1-0"]
[WhiteElo "1847"]
[BlackElo "1648"]
[PlyCount "83"]
[EventDate "2015.09.13"]
[EventType "team-tourn"]
[EventRounds "11"]
[EventCountry "HUN"]
[SourceTitle "CBM 170 Extra"]
[Source "ChessBase"]
[SourceDate "2016.02.25"]
[SourceVersion "1"]
[SourceVersionDate "2016.02.25"]
[SourceQuality "1"]
[WhiteTeam "Ujszasz"]
[BlackTeam "Toth Laszlo II"]
[WhiteTeamCountry "HUN"]
[BlackTeamCountry "HUN"]

1. d4 d5 2. c4 c6 3. Nc3 e6 4. Nf3 Nf6 5. e3 Be7 6. Bd3 Nbd7 7. 0-0 0-0 8. Ne5 Qc7 9. f4 h6 10. g4 Nxe5 11. fxe5 Ne8 12. Qf3 g6 13. cxd5 exd5 14. e4 Qd7 15. exd5 cxd5 16. Nxd5 Rb8 17. Bxh6 Ng7 18. Nxe7+ Qxe7 19. Qf6 Qxf6 20. exf6 Ne8 21. h3 Nd6 22. Bxf8 Kxf8 23. Rac1 Be6 24. b3 Rd8 25. Rfd1 Ne8 26. Bc4 Nxf6 27. Bxe6 fxe6 28. Rc7 Rd7 29. Rxd7 Nxd7 30. Kf2 Nf6 31. Rc1 Nd5 32. Rc8+ Ke7 33. Rh8 a5 34. Rh7+ Kf6 35. Rxb7 Nf4 36. h4 e5 37. dxe5+ Kxe5 38. Kf3 Ne6 39. h5 g5 40. h6 Nf4 41. h7 Ng6 42. Rb6 1-0

[Event "HUN-chT2 Toth 1516"]
[Site "Hungary"]
[Date "2015.10.18"]
[Round "3.9"]
[White "Pasztor, Attila"]
[Black "Csipai, Levente"]
[Result "1-0"]
[WhiteElo "1847"]
[BlackElo "1880"]
[PlyCount "80"]
[EventDate "2015.09.13"]
[EventType "team-tourn"]
[EventRounds "11"]
[EventCountry "HUN"]
[SourceTitle "CBM 170 Extra"]
[Source "ChessBase"]
[SourceDate "2016.02.25"]
[SourceVersion "1"]
[SourceVersionDate "2016.02.25"]
[SourceQuality "1"]
[WhiteTeam "Ujszasz"]
[BlackTeam "Szentes Integral"]
[WhiteTeamCountry "HUN"]
[BlackTeamCountry "HUN"]

1. d4 d5 2. c4 e6 3. Nc3 Nf6 4. Bg5 Be7 5. e3 c6 6. Bd3 dxc4 7. Bxc4 b5 8. Bd3 a6 9. Nf3 Bb7 10. Bxf6 Bxf6 11. 0-0 Nd7 12. b4 Be7 13. a3 Nf6 14. Qc2 a5 15. Qb3 0-0 16. Rfc1 axb4 17. axb4 Qd6 18. Rab1 Nd5 19. Nxd5 exd5 20. Rb2 Ra4 21. Qc2 g6 22. Rcb1 Rfa8 23. Qd2 Ra1 24. Bc2 Bc8 25. Qc1 R1a3 26. Qd2 Qc7 27. Rc1 f6 28. e4 Be6 29. e5 Bg4 30. Bd1 Bf5 31. Qf4 Ra1 32. Bb3 fxe5 33. dxe5 Bxb4 34. Qe3 Be4 35. Ba2 Rxc1+ 36. Qxc1 Ba3 37. Nd2 Qxe5 38. Qxc6 Rf8 39. Rxb5 Qa1+ 40. Bb1 Qd4 1-0

[Event "HUN-chT2 Toth 1516"]
[Site "Hungary"]
[Date "2015.09.26"]
[Round "2.10"]
[White "Pasztor, Attila"]
[Black "Fridrik, Richard"]
[Result "1-0"]
[WhiteElo "1847"]
[BlackElo "1697"]
[PlyCount "107"]
[EventDate "2015.09.13"]
[EventType "team-tourn"]
[EventRounds "11"]
[EventCountry "HUN"]
[SourceTitle "CBM 170 Extra"]
[Source "ChessBase"]
[SourceDate "2016.02.25"]
[SourceVersion "1"]
[SourceVersionDate "2016.02.25"]
[SourceQuality "1"]
[WhiteTeam "Ujszasz"]
[BlackTeam "Roszke"]
[WhiteTeamCountry "HUN"]
[BlackTeamCountry "HUN"]

1. d4 d5 2. c4 c6 3. Nc3 Nf6 4. g3 Bf5 5. Bg2 e6 6. Qb3 Qb6 7. Nf3 Qxb3 8. axb3 Bc2 9. Nd2 b6 10. 0-0 Bb4 11. e4 Bxc3 12. bxc3 Nxe4 13. Bxe4 Bxe4 14. Nxe4 dxe4 15. Re1 0-0 16. Rxe4 Nd7 17. Bf4 a5 18. Re2 c5 19. d5 exd5 20. cxd5 Rfe8 21. Rae1 Rxe2 22. Rxe2 g6 23. Re7 Ra7 24. Bh6 f5 25. Kg2 b5 26. Be3 Rb7 27. c4 bxc4 28. bxc4 a4 29. Bc1 Rb4 30. Rxd7 Rxc4 31. Bb2 Rc2 32. Bf6 a3 33. Ra7 Rd2 34. Rxa3 Rxd5 35. Rc3 Kf7 36. Bg5 Ke6 37. Be3 Kd6 38. Kf3 Kc6 39. Ke2 Kb5 40. Rd3 Re5 41. Kd2 Re7 42. Kc3 Rc7 43. Rd8 h5 44. Rb8+ Kc6 45. Kc4 Re7 46. Rc8+ Kd7 47. Rxc5 Re4+ 48. Kd5 h4 49. Rc4 hxg3 50. Rxe4 g2 51. f4 fxe4 52. Kxe4 Ke6 53. Kf3 Kf5 54. Kxg2 1-0

[Event "HUN-chT2 Toth 1415"]
[Site "Hungary"]
[Date "2015.03.22"]
[Round "10.10"]
[White "Csipai, Levente"]
[Black "Pasztor, Attila"]
[Result "1/2-1/2"]
[WhiteElo "1878"]
[BlackElo "1860"]
[PlyCount "43"]
[EventDate "2014.09.07"]
[EventType "team-tourn"]
[EventRounds "11"]
[EventCountry "HUN"]
[SourceTitle "EXT 2016"]
[Source "ChessBase"]
[SourceDate "2015.10.08"]
[SourceVersion "1"]
[SourceVersionDate "2015.10.08"]
[SourceQuality "1"]
[WhiteTeam "Szentes"]
[BlackTeam "Ujszasz"]
[WhiteTeamCountry "HUN"]
[BlackTeamCountry "HUN"]

1. d4 Nf6 2. c4 d5 3. cxd5 Nxd5 4. e4 Nf6 5. Nc3 e6 6. Nf3 Bb4 7. Bg5 h6 8. Bxf6 Qxf6 9. Qa4+ Nc6 10. Ne5 Rb8 11. Bb5 0-0 12. Bxc6 bxc6 13. Qxa7 Bb7 14. Nd7 Qf4 15. Nxb8 Qxe4+ 16. Kf1 Bxc3 17. bxc3 c5 18. f3 Qd3+ 19. Kf2 Qd2+ 20. Kg3 Qg5+ 21. Kf2 Qd2+ 22. Kg3 1/2-1/2

[Event "HUN-chT2 Toth 1415"]
[Site "Hungary"]
[Date "2014.11.30"]
[Round "5.11"]
[White "Perdi, Zsombor"]
[Black "Pasztor, Attila"]
[Result "0-1"]
[WhiteElo "1608"]
[BlackElo "1860"]
[PlyCount "88"]
[EventDate "2014.09.07"]
[EventType "team-tourn"]
[EventRounds "11"]
[EventCountry "HUN"]
[SourceTitle "EXT 2016"]
[Source "ChessBase"]
[SourceDate "2015.10.08"]
[SourceVersion "1"]
[SourceVersionDate "2015.10.08"]
[SourceQuality "1"]
[WhiteTeam "Bekes"]
[BlackTeam "Ujszasz"]
[WhiteTeamCountry "HUN"]
[BlackTeamCountry "HUN"]

1. d4 Nf6 2. h3 d5 3. Bf4 e6 4. e3 Bd6 5. Bxd6 cxd6 6. c3 Qb6 7. Qc1 Nc6 8. Nf3 Bd7 9. Nbd2 Rc8 10. Nb3 0-0 11. Be2 e5 12. dxe5 dxe5 13. 0-0 Be6 14. Qc2 Rfd8 15. Rfd1 d4 16. exd4 exd4 17. Nbxd4 Nxd4 18. Nxd4 Rxd4 19. Rxd4 Qxd4 20. Rd1 Qe4 21. Bd3 Qe5 22. c4 g6 23. b3 Rd8 24. Qc1 Bf5 25. Re1 Qc5 26. Qg5 Rxd3 27. Qxf6 Be6 28. Re5 Qd6 29. c5 Rd1+ 30. Kh2 Qd8 31. Qf3 Qc7 32. Qg3 Rd5 33. Rxd5 Qxg3+ 34. Kxg3 Bxd5 35. Kf4 f6 36. g4 Kf7 37. Ke3 g5 38. Kd4 Bg2 39. b4 Ke6 40. b5 Bxh3 41. a4 Bxg4 42. b6 axb6 43. cxb6 Be2 44. Kc5 h5 0-1

[Event "HUN-chT2 Toth 1415"]
[Site "Hungary"]
[Date "2014.11.16"]
[Round "4.11"]
[White "Pasztor, Attila"]
[Black "Csomos, Janos"]
[Result "1/2-1/2"]
[WhiteElo "1860"]
[BlackElo "1797"]
[PlyCount "38"]
[EventDate "2014.09.07"]
[EventType "team-tourn"]
[EventRounds "11"]
[EventCountry "HUN"]
[SourceTitle "EXT 2016"]
[Source "ChessBase"]
[SourceDate "2015.10.08"]
[SourceVersion "1"]
[SourceVersionDate "2015.10.08"]
[SourceQuality "1"]
[WhiteTeam "Ujszasz"]
[BlackTeam "Gyula"]
[WhiteTeamCountry "HUN"]
[BlackTeamCountry "HUN"]

1. d4 Nf6 2. c4 g6 3. Nc3 Bg7 4. e4 d6 5. Be2 0-0 6. Nf3 Nbd7 7. 0-0 e5 8. d5 Nc5 9. Qc2 a5 10. Be3 b6 11. a3 Ng4 12. Bxc5 bxc5 13. h3 Nh6 14. b4 axb4 15. axb4 Rxa1 16. Rxa1 cxb4 17. Nb5 f5 18. Nd2 fxe4 19. Nxe4 Nf5 1/2-1/2

[Event "HUN-chT2 Toth 1415"]
[Site "Hungary"]
[Date "2014.09.07"]
[Round "1.11"]
[White "Pasztor, Attila"]
[Black "Marton, Attila"]
[Result "1-0"]
[WhiteElo "1860"]
[BlackElo "1698"]
[PlyCount "101"]
[EventDate "2014.09.07"]
[EventType "team-tourn"]
[EventRounds "11"]
[EventCountry "HUN"]
[SourceTitle "EXT 2016"]
[Source "ChessBase"]
[SourceDate "2015.10.08"]
[SourceVersion "1"]
[SourceVersionDate "2015.10.08"]
[SourceQuality "1"]
[WhiteTeam "Ujszasz"]
[BlackTeam "Takisz"]
[WhiteTeamCountry "HUN"]
[BlackTeamCountry "HUN"]

1. d4 Nf6 2. c4 e6 3. Nc3 Bb4 4. Bd2 0-0 5. Nf3 b6 6. e3 Bb7 7. Bd3 d5 8. cxd5 exd5 9. 0-0 Nbd7 10. Rc1 Bxc3 11. Bxc3 Ne4 12. Qc2 Re8 13. Ne5 f6 14. Nxd7 Qxd7 15. f3 Nd6 16. Bd2 g6 17. Qxc7 Re7 18. Qxd7 Rxd7 19. Rc2 Kf7 20. Rfc1 Ke8 21. Bb4 Kd8 22. a4 Rc8 23. a5 Ne8 24. a6 Rxc2 25. Rxc2 Bc8 26. Kf2 Nc7 27. Rc6 f5 28. Bd6 Nxa6 29. Rxc8+ Kxc8 30. Bxa6+ Kd8 31. Be5 Ke7 32. Ke2 Rd8 33. Kd3 Kd7 34. Bb7 Ke7 35. e4 dxe4+ 36. fxe4 fxe4+ 37. Kxe4 Rf8 38. d5 Kd8 39. d6 Rf1 40. Kd5 Rd1+ 41. Ke6 Re1 42. d7 a5 43. Kd6 Rxe5 44. Kxe5 Kxd7 45. Bd5 Ke7 46. b3 h6 47. g4 b5 48. Be4 a4 49. bxa4 bxa4 50. Bxg6 a3 51. Bb1 1-0